The oxford handbook of the Indian constitution / (Record no. 101822)

MARC details
000 -LEADER
fixed length control field 01138nam a22002777a 4500
005 - DATE AND TIME OF LATEST TRANSACTION
control field 20180301102924.0
010 ## - LCCN (DPL NO)
LC control number 1617EN ENG-117471
020 ## - INTERNATIONAL STANDARD BOOK NUMBER
Terms of availability 1195.00
International Standard Book Number 9780198787334
020 ## - INTERNATIONAL STANDARD BOOK NUMBER
Terms of availability 1295.00 (AV)
International Standard Book Number 9780198787334
035 ## - SYSTEM CONTROL NUMBER
System control number B-650160-170
035 ## - SYSTEM CONTROL NUMBER
System control number EN-101003
035 ## - SYSTEM CONTROL NUMBER
System control number B-664936
037 ## - SOURCE OF ACQUISITION
Source of stock number/acquisition Uppal
Stock number dpl
037 ## - SOURCE OF ACQUISITION
Source of stock number/acquisition DBAD/PUB
082 ## - DEWEY DECIMAL CLASSIFICATION NUMBER
Classification number 342.54
245 ## - TITLE STATEMENT
Title The oxford handbook of the Indian constitution /
Statement of responsibility, etc edited by Sujit Choudhry, Madhav khosla [and] Pratap Bhanu Mehta
260 ## - PUBLICATION, DISTRIBUTION, ETC. (IMPRINT)
Place of publication, distribution, etc New Delhi
Name of publisher, distributor, etc Oxford University Press
Date of publication, distribution, etc 2016
270 ## - ADDRESS
Address YMCA Library Building, 1, Jai Singh Road,
City New Delhi
Postal code 110001
300 ## - PHYSICAL DESCRIPTION
Extent 1048p.
Dimensions 24cm(pbk)
700 ## - ADDED ENTRY--PERSONAL NAME
Personal name Choudhry, Sujit
700 ## - ADDED ENTRY--PERSONAL NAME
Personal name Khosla, Madhav
700 ## - ADDED ENTRY--PERSONAL NAME
Personal name Mehta, Pratap Bhanu
942 ## - ADDED ENTRY ELEMENTS (KOHA)
Source of classification or shelving scheme Dewey Decimal Classification
Item type English Books
Classification part 342.54
Call number suffix OXF
Holdings
Withdrawn status Lost status Not for loan Collection code Home library Current library Date acquired Source of acquisition Cost, normal purchase price Full call number Barcode Copy number Cost, replacement price Koha item type
      Non-fiction Ashok Vihar Ashok Vihar 01/03/2018 Uppal/14146/27.2.2017/EN/AV/473/15.2.2017/7.3.2017 1295.00 342.54 OXF B-664936 1 1295.00 English Books
      Non-fiction Bawana Bawana 16/03/2017 BPPD/EN/2016-17/307/24.11.2016/13893/05.12.2016/02.01.2017 1195.00 342.54 OXF B-650168 1 1195.00 English Books
      Non-fiction Central Library Central Library 16/03/2017 BPPD/EN/2016-17/307/24.11.2016/13893/05.12.2016/02.01.2017 1195.00 342.54 OXF B-650160 1 1195.00 English Books
      Non-fiction Janak Puri Janak Puri 16/03/2017 BPPD/EN/2016-17/307/24.11.2016/13893/05.12.2016/02.01.2017 1195.00 342.54 OXF B-650164 1 1195.00 English Books
      Non-fiction Kasturba Gandhi Marg Kasturba Gandhi Marg 16/03/2017 BPPD/EN/2016-17/307/24.11.2016/13893/05.12.2016/02.01.2017 1195.00 342.54 OXF B-650163 1 1195.00 English Books
      Non-fiction Narela Narela 16/03/2017 BPPD/EN/2016-17/307/24.11.2016/13893/05.12.2016/02.01.2017 1195.00 342.54 OXF B-650169 1 1195.00 English Books
      Non-fiction New Police Line New Police Line 16/03/2017 BPPD/EN/2016-17/307/24.11.2016/13893/05.12.2016/02.01.2017 1195.00 342.54 OXF B-650161 1 1195.00 English Books
      Non-fiction Patel Nagar Patel Nagar 16/03/2017 BPPD/EN/2016-17/307/24.11.2016/13893/05.12.2016/02.01.2017 1195.00 342.54 OXF B-650162 1 1195.00 English Books
      Non-fiction Sarojini Nagar Sarojini Nagar 16/03/2017 BPPD/EN/2016-17/307/24.11.2016/13893/05.12.2016/02.01.2017 1195.00 342.54 OXF B-650165 1 1195.00 English Books
      Non-fiction Sarojini Nagar Sarojini Nagar 16/03/2017 BPPD/EN/2016-17/307/24.11.2016/13893/05.12.2016/02.01.2017 1195.00 342.54 OXF B-650166 1 1195.00 English Books
      Non-fiction Shahdara Branch Shahdara Branch 09/03/2017 DBAD/PUB 1195.00 342.54 THE EN-101003 1 1195.00 English Books
      Non-fiction Shahdara Branch Shahdara Branch 16/03/2017 BPPD/EN/2016-17/307/24.11.2016/13893/05.12.2016/02.01.2017 1195.00 342.54 OXF B-650170 1 1195.00 English Books
      Non-fiction Vinoba Puri Vinoba Puri 16/03/2017 BPPD/EN/2016-17/307/24.11.2016/13893/05.12.2016/02.01.2017 1195.00 342.54 OXF B-650167 1 1195.00 English Books

© Delhi Public Library
Hit Counter
free hit counter